Bagha Jatin : (Record no. 56577)

MARC details
000 -LEADER
fixed length control field 00906nam a22002537a 4500
005 - DATE AND TIME OF LATEST TRANSACTION
control field 20110908145123.0
008 - FIXED-LENGTH DATA ELEMENTS--GENERAL INFORMATION
fixed length control field 110908t xxu||||| |||| 00| 0 eng d
010 ## - LCCN (DPL NO)
LC control number ENG-103783
020 ## - INTERNATIONAL STANDARD BOOK NUMBER
Terms of availability 65.00
International Standard Book Number 9788123759616
035 ## - SYSTEM CONTROL NUMBER
System control number EN-87316
037 ## - SOURCE OF ACQUISITION
Source of stock number/acquisition DBAD/PUB
040 ## - CATALOGING SOURCE
Original cataloging agency DPL
Language of cataloging Eng
082 00 - DEWEY DECIMAL CLASSIFICATION NUMBER
Classification number 920
100 1# - MAIN ENTRY--PERSONAL NAME
Personal name Mukherjee, Prithwindra
9 (RLIN) 34669
245 14 - TITLE STATEMENT
Title Bagha Jatin :
Statement of responsibility, etc by Prithwindra Mukherjee
Remainder of title life and times of Jatindranath Mukherjee /
260 ## - PUBLICATION, DISTRIBUTION, ETC. (IMPRINT)
Place of publication, distribution, etc New Delhi
Name of publisher, distributor, etc National Book Trust
Date of publication, distribution, etc 2010
270 ## - ADDRESS
Address Nehru Bhawan, 5, Institutional Area Phase-II,Vasant Kunj ,
City New Delhi
Postal code 110070
300 ## - PHYSICAL DESCRIPTION
Extent xvi,134p.
Dimensions 22cm (pbk)
500 ## - GENERAL NOTE
General note Includes bibliographical references
650 #0 - SUBJECT ADDED ENTRY--TOPICAL TERM
9 (RLIN) 34671
700 ## - ADDED ENTRY--PERSONAL NAME
9 (RLIN) 34717
942 ## - ADDED ENTRY ELEMENTS (KOHA)
Source of classification or shelving scheme Dewey Decimal Classification
Item type English Books
Classification part 920
Call number suffix JAT
Holdings
Withdrawn status Lost status Source of classification or shelving scheme Damaged status Not for loan Collection code Home library Current library Date acquired Source of acquisition Cost, normal purchase price Total Checkouts Full call number Barcode Date last seen Copy number Cost, replacement price Koha item type
    Dewey Decimal Classification     Non-fiction D.B.Act.Division D.B.Act.Division 13/09/2011 DBAD/PUB 65.00   920 JAT EN-87316 13/09/2011 1 65.00 English Books

© Delhi Public Library
Hit Counter
free hit counter